[Event "Porto San Giorgio Weekend 15th"]
[Site "Porto San Giorgio"]
[Date "2012.11.18"]
[Round "3"]
[White "Giobbi, Costantino"]
[Black "De Ciantis, David"]
[Result "0-1"]
[WhiteElo "1845"]
[BlackElo "1925"]
[PlyCount "68"]
[EventDate "2012.11.17"]
[EventType "swiss"]
[EventRounds "6"]
[EventCountry "ITA"]
[SourceTitle "EXT 2014"]
[Source "ChessBase"]
[SourceDate "2013.11.20"]
[SourceVersion "1"]
[SourceVersionDate "2013.11.20"]
[SourceQuality "1"]

1. e4 c5 2. Nc3 Nc6 3. f4 g6 4. Bc4 e6 5. Nf3 Bg7 6. 0-0 Nge7 7. d3 0-0 8. f5 exf5 9. Qe1 a6 10. Qh4 b5 11. Bb3 Bb7 12. Bh6 c4 13. dxc4 bxc4 14. Bxc4 Qb6+ 15. Kh1 Qxb2 16. Nd5 Bxh6 17. Qxh6 Qg7 18. Qh4 fxe4 19. Nf6+ Kh8 20. Ng5 h6 21. Nxd7 Nf5 22. Qh3 Na5 23. Nxf8 Nxc4 24. Nd7 f6 25. Rab1 Bc8 26. Nb6 Nxb6 27. Rxb6 fxg5 28. Rfb1 e3 29. Qf3 Ra7 30. Qc6 Ne7 31. Qc5 e2 32. Rb8 Rd7 33. Rxc8+ Nxc8 34. Qxc8+ Kh7 0-1